[Event "Brasilia Terraviva op"]
[Site "Brasilia"]
[Date "2016.04.21"]
[Round "2"]
[White "Sopko, Cassio Roberto"]
[Black "Pottker, Gustavo Sartori"]
[Result "1/2-1/2"]
[WhiteElo "1935"]
[BlackElo "2142"]
[PlyCount "39"]
[EventDate "2016.04.21"]
[EventType "swiss"]
[EventRounds "7"]
[EventCountry "BRA"]
[SourceTitle "CBM 172 Extra"]
[Source "ChessBase"]
[SourceDate "2016.06.21"]
[SourceVersion "1"]
[SourceVersionDate "2016.06.21"]
[SourceQuality "1"]

1. Nf3 Nf6 2. d4 e6 3. g3 c5 4. Bg2 Nc6 5. 0-0 cxd4 6. Nxd4 d5 7. c4 Be7 8. Nc3 0-0 9. cxd5 Nxd5 10. Nxd5 exd5 11. Be3 Be6 12. Rc1 Qd7 13. Nxc6 bxc6 14. Qa4 Rfc8 15. Rfd1 Qb7 16. b3 a5 17. Bc5 Bf6 18. e3 h6 19. Bd4 Be7 20. Bc5 1/2-1/2

[Event "Brasilia Ascade op"]
[Site "Brasilia"]
[Date "2016.01.29"]
[Round "1"]
[White "Santos, Leonardo Pereira De"]
[Black "Pottker, Gustavo Sartori"]
[Result "0-1"]
[WhiteElo "1577"]
[BlackElo "2100"]
[PlyCount "66"]
[EventDate "2016.01.29"]
[EventType "swiss"]
[EventRounds "5"]
[EventCountry "BRA"]
[SourceTitle "CBM 170 Extra"]
[Source "ChessBase"]
[SourceDate "2016.02.25"]
[SourceVersion "1"]
[SourceVersionDate "2016.02.25"]
[SourceQuality "1"]

1. d4 Nf6 2. c4 e6 3. Nf3 c5 4. d5 exd5 5. cxd5 d6 6. Bg5 b5 7. e4 a6 8. Bd3 Be7 9. 0-0 0-0 10. Nc3 h6 11. Bh4 b4 12. Ne2 Nxd5 13. Bxe7 Nxe7 14. Qb3 Be6 15. Bc4 Bxc4 16. Qxc4 Nbc6 17. b3 Na5 18. Qd3 d5 19. Rac1 c4 20. Qb1 cxb3 21. axb3 Qb6 22. exd5 Nxd5 23. Ne5 Rfe8 24. Nc4 Nxc4 25. bxc4 Rxe2 26. cxd5 Rd2 27. Qe4 Qd4 28. Qe7 b3 29. Qb7 Qxd5 30. Rc8+ Rxc8 31. Qxc8+ Kh7 32. Qxa6 b2 33. Qa4 Qd3 0-1

[Event "Brasilia FBX 50"]
[Site "Brasilia"]
[Date "2015.09.05"]
[Round "1"]
[White "Montufar Berrios, Eymi Priscila"]
[Black "Pottker, Gustavo Sartori"]
[Result "0-1"]
[WhiteElo "1695"]
[BlackElo "2115"]
[PlyCount "92"]
[EventDate "2015.09.05"]
[EventType "swiss"]
[EventRounds "6"]
[EventCountry "BRA"]
[SourceTitle "EXT 2016"]
[Source "ChessBase"]
[SourceDate "2015.10.08"]
[SourceVersion "1"]
[SourceVersionDate "2015.10.08"]
[SourceQuality "1"]

1. e4 c6 2. Nc3 d5 3. Nf3 Nf6 4. e5 Ne4 5. d4 Nxc3 6. bxc3 Bg4 7. Ba3 Qa5 8. Bb4 Qa4 9. Bd3 a5 10. Bc5 Nd7 11. Rb1 b5 12. h3 Bxf3 13. Qxf3 Nxc5 14. dxc5 e6 15. Qe3 Qxa2 16. Qc1 Qa4 17. f4 Bxc5 18. Ra1 Be3 19. Rxa4 Bxc1 20. Ra2 Bxf4 21. Rf1 Bxe5 22. Kd2 Ke7 23. g4 Rhb8 24. h4 c5 25. h5 c4 26. Be2 h6 27. Rb1 b4 28. cxb4 axb4 29. Rxa8 Bc3+ 30. Ke3 Rxa8 31. Bd1 Ra1 32. Rxa1 Bxa1 33. Bf3 Kd6 34. Be2 e5 35. Bd1 Bd4+ 36. Kf3 e4+ 37. Kg3 Be3 38. Kg2 d4 39. Kf1 d3 40. Ke1 b3 41. cxd3 exd3 42. Kf1 b2 43. Kg2 b1Q 44. Bf3 Qg1+ 45. Kh3 Bf4 46. Bg2 Qh2# 0-1

[Event "Brasilia Centro Oeste-ch"]
[Site "Brasilia"]
[Date "2015.05.15"]
[Round "2"]
[White "Rabelo, Jose Carlos Vargas"]
[Black "Pottker, Gustavo Sartori"]
[Result "0-1"]
[WhiteElo "1530"]
[BlackElo "2130"]
[PlyCount "88"]
[EventDate "2015.05.15"]
[EventType "swiss"]
[EventRounds "6"]
[EventCountry "BRA"]
[SourceTitle "CBM 166 Extra"]
[Source "ChessBase"]
[SourceDate "2015.06.18"]
[SourceVersion "1"]
[SourceVersionDate "2015.06.18"]
[SourceQuality "1"]

1. d4 Nf6 2. Nf3 e6 3. Bg5 c5 4. c3 Nc6 5. Nbd2 cxd4 6. cxd4 Qb6 7. Bxf6 gxf6 8. Qb3 Nxd4 9. Qxb6 Nxf3+ 10. Nxf3 axb6 11. a3 Bb4+ 12. Nd2 d5 13. e3 Bd7 14. Bd3 f5 15. Rc1 Bd6 16. Nf3 e5 17. Bb1 Ke7 18. 0-0 Rhc8 19. Rfd1 Rxc1 20. Rxc1 b5 21. Nh4 e4 22. Ba2 Be6 23. Bb3 Be5 24. Rc2 Kd6 25. g3 Rc8 26. Rd2 Rc1+ 27. Bd1 Bxb2 28. Rxb2 Rxd1+ 29. Kg2 Bd7 30. h3 Rd3 31. Ra2 Kc5 32. Rc2+ Kb6 33. Ra2 Ka5 34. Kf1 Be6 35. Ng2 d4 36. Ra1 dxe3 37. Nxe3 Ka4 38. Nc2 Rc3 39. Nd4 Rd3 40. Nc2 Kb3 41. Ne1 Rd2 42. Rb1+ Ka2 43. Rc1 Bc4+ 44. Kg2 Kb2 0-1

[Event "Brasilia Inconfidencia Cup"]
[Site "Brasilia"]
[Date "2015.04.20"]
[Round "6"]
[White "De Andrade, Ivan Neudir"]
[Black "Pottker, Gustavo Sartori"]
[Result "0-1"]
[WhiteElo "1824"]
[BlackElo "2127"]
[PlyCount "54"]
[EventDate "2015.04.17"]
[EventType "swiss"]
[EventRounds "6"]
[EventCountry "BRA"]
[SourceTitle "CBM 166 Extra"]
[Source "ChessBase"]
[SourceDate "2015.06.18"]
[SourceVersion "1"]
[SourceVersionDate "2015.06.18"]
[SourceQuality "1"]

1. d4 Nf6 2. c4 e6 3. Nc3 Bb4 4. Qc2 b6 5. a3 Bxc3+ 6. Qxc3 Bb7 7. Bf4 d6 8. e3 Nbd7 9. Nf3 Qe7 10. Bd3 Ne4 11. Qc2 f5 12. h4 e5 13. dxe5 dxe5 14. Bh2 Nxf2 15. Qxf2 e4 16. Be2 exf3 17. Bxf3 Nc5 18. 0-0 Ne4 19. Bh5+ g6 20. Qxf5 Rg8 21. Bxc7 Bc6 22. Rad1 gxh5 23. Qxh5+ Rg6 24. Be5 Rd8 25. Rxd8+ Kxd8 26. g4 Bd7 27. Rd1 Kc8 0-1

[Event "Brasilia Inconfidencia Cup"]
[Site "Brasilia"]
[Date "2015.04.19"]
[Round "4"]
[White "Felix, Raimundo Nascimento"]
[Black "Pottker, Gustavo Sartori"]
[Result "0-1"]
[WhiteElo "1905"]
[BlackElo "2127"]
[PlyCount "82"]
[EventDate "2015.04.17"]
[EventType "swiss"]
[EventRounds "6"]
[EventCountry "BRA"]
[SourceTitle "CBM 166 Extra"]
[Source "ChessBase"]
[SourceDate "2015.06.18"]
[SourceVersion "1"]
[SourceVersionDate "2015.06.18"]
[SourceQuality "1"]

1. e4 c5 2. Nc3 g6 3. f4 Bg7 4. Nf3 a6 5. a4 e6 6. Bc4 Ne7 7. d3 Nbc6 8. 0-0 d5 9. Ba2 Nd4 10. Ne2 Nxf3+ 11. gxf3 Qb6 12. c3 Bd7 13. Qc2 Rc8 14. Kh1 h5 15. Rg1 Bf6 16. Bd2 h4 17. Rg2 Qc6 18. h3 b6 19. Be3 Qb7 20. Kh2 d4 21. Bd2 e5 22. fxe5 Bxe5+ 23. f4 Bb8 24. Qd1 Qc6 25. cxd4 cxd4 26. Nxd4 Qf6 27. Be3 Bxf4+ 28. Bxf4 Qxf4+ 29. Kh1 Qe3 30. Nf3 Bxh3 31. Rg1 Rh5 32. Kh2 Bd7 33. Qf1 Qf4+ 34. Kh1 Rc2 35. b4 h3 36. Bc4 Nf5 37. Bxf7+ Kd8 38. Bxg6 Nh4 39. Rc1 Rxc1 40. Qxc1 Qxf3+ 41. Kh2 Qf2+ 0-1

[Event "Brasilia Inconfidencia Cup"]
[Site "Brasilia"]
[Date "2015.04.17"]
[Round "1"]
[White "Pottker, Gustavo Sartori"]
[Black "Rocha, Wesley Rodrigues"]
[Result "1-0"]
[WhiteElo "2127"]
[BlackElo "1602"]
[PlyCount "53"]
[EventDate "2015.04.17"]
[EventType "swiss"]
[EventRounds "6"]
[EventCountry "BRA"]
[SourceTitle "CBM 166 Extra"]
[Source "ChessBase"]
[SourceDate "2015.06.18"]
[SourceVersion "1"]
[SourceVersionDate "2015.06.18"]
[SourceQuality "1"]

1. e4 e6 2. d4 c5 3. d5 d6 4. Nc3 a6 5. a4 b6 6. Bc4 e5 7. f4 exf4 8. Bxf4 g5 9. Bg3 f5 10. Qh5+ Kd7 11. Qf7+ Qe7 12. Qxf5+ Kc7 13. Qf3 Bg7 14. Nge2 Nh6 15. 0-0 Bg4 16. Qd3 Nd7 17. Bxa6 Ne5 18. Bxe5 Bxe5 19. a5 Rhb8 20. axb6+ Kd8 21. b7 Rxb7 22. Bxb7 Rxa1 23. Rxa1 Bxe2 24. Ra8+ Kc7 25. Qxe2 Bd4+ 26. Kh1 Qf6 27. Qb5 1-0

[Event "Brasilia FBX op"]
[Site "Brasilia"]
[Date "2015.03.01"]
[Round "5"]
[White "Nascimento, Davi da Silva"]
[Black "Pottker, Gustavo Sartori"]
[Result "1-0"]
[WhiteElo "2092"]
[BlackElo "2148"]
[PlyCount "135"]
[EventDate "2015.02.27"]
[EventType "swiss"]
[EventRounds "5"]
[EventCountry "BRA"]
[SourceTitle "CBM 165 Extra"]
[Source "ChessBase"]
[SourceDate "2015.04.21"]
[SourceVersion "1"]
[SourceVersionDate "2015.04.21"]
[SourceQuality "1"]

1. d4 Nf6 2. Nf3 e6 3. g3 b6 4. Bg2 Bb7 5. 0-0 Be7 6. Bg5 d6 7. Re1 Nbd7 8. Nbd2 h6 9. Bxf6 Bxf6 10. e4 g6 11. c3 0-0 12. a4 a6 13. Qb3 Bg7 14. Rad1 Rb8 15. e5 Qe7 16. Qa3 Rfd8 17. Nc4 Bf8 18. exd6 cxd6 19. Nh4 Nf6 20. f4 Bxg2 21. Nxg2 Qc7 22. Nce3 d5 23. Qa1 b5 24. axb5 Rxb5 25. Re2 Rdb8 26. Ne1 Qb6 27. Nd3 Ne4 28. Nf1 Ra5 29. Qc1 Qb5 30. b4 Ra4 31. Rc2 a5 32. Nc5 axb4 33. c4 dxc4 34. Nxe4 Qf5 35. Re2 b3 36. Nc3 Rab4 37. Qb2 Qa5 38. Nd2 Bg7 39. Ndb1 Qa7 40. Red2 R4b6 41. Ne2 Rc6 42. Nbc3 Ra6 43. Kg2 Bf8 44. h4 h5 45. Kh2 Ba3 46. Qb1 Rab6 47. d5 exd5 48. Rxd5 Re6 49. Nd4 Reb6 50. Ndb5 Qa6 51. f5 Bf8 52. fxg6 Rxg6 53. Rxh5 Qf6 54. Rf5 Qg7 55. Rf3 Re8 56. Rdf1 Bc5 57. Ne4 Be7 58. Nbc3 Qh6 59. Kh3 Qh5 60. Rf4 f5 61. Rxf5 Qg4+ 62. Kg2 Bd6 63. R1f3 Be5 64. h5 Rg7 65. Rxe5 Rf8 66. Rxf8+ Kxf8 67. Qc1 b2 68. Qxb2 1-0

[Event "Florianopolis op"]
[Site "Florianopolis"]
[Date "2015.01.18"]
[Round "10"]
[White "Pottker, Gustavo Sartori"]
[Black "Matsuura, Frederico"]
[Result "0-1"]
[WhiteElo "2109"]
[BlackElo "2289"]
[PlyCount "44"]
[EventDate "2015.01.14"]
[EventType "swiss"]
[EventRounds "10"]
[EventCountry "BRA"]
[SourceTitle "CBM 164 Extra"]
[Source "ChessBase"]
[SourceDate "2015.03.02"]
[SourceVersion "1"]
[SourceVersionDate "2015.03.02"]
[SourceQuality "1"]

1. d4 d5 2. c4 c6 3. Nf3 Nf6 4. Nc3 a6 5. a4 e6 6. Qb3 Be7 7. Bf4 dxc4 8. Qxc4 b5 9. Qd3 Bb7 10. g3 c5 11. axb5 cxd4 12. Bxb8 Rxb8 13. Nb1 Bb4+ 14. Nbd2 Ne4 15. bxa6 Bc6 16. a7 Rc8 17. Qc4 Qb6 18. a8Q Rxa8 19. Rxa8+ Bxa8 20. Qc8+ Ke7 21. Qxh8 Bxd2+ 22. Nxd2 Qxb2 0-1

[Event "Florianopolis op"]
[Site "Florianopolis"]
[Date "2015.01.16"]
[Round "6"]
[White "Gazel Pereira, Frederico"]
[Black "Pottker, Gustavo Sartori"]
[Result "1/2-1/2"]
[WhiteElo "2292"]
[BlackElo "2109"]
[PlyCount "49"]
[EventDate "2015.01.14"]
[EventType "swiss"]
[EventRounds "10"]
[EventCountry "BRA"]
[SourceTitle "CBM 164 Extra"]
[Source "ChessBase"]
[SourceDate "2015.03.02"]
[SourceVersion "1"]
[SourceVersionDate "2015.03.02"]
[SourceQuality "1"]

1. Nf3 Nf6 2. c4 e6 3. Nc3 d5 4. d4 Nbd7 5. cxd5 exd5 6. Bf4 c6 7. h3 Nb6 8. Qc2 Bb4 9. Nd2 0-0 10. e3 Nh5 11. Be5 f6 12. Bh2 g6 13. g4 Ng7 14. 0-0-0 Bd6 15. Bxd6 Qxd6 16. f4 Bd7 17. Bg2 Rae8 18. Rhe1 Bc8 19. Kb1 Kh8 20. Ka1 Be6 21. Bf3 Qd7 22. Rc1 Re7 23. Re2 Qd6 24. Rce1 Rfe8 25. Qd3 1/2-1/2

[Event "Florianopolis op"]
[Site "Florianopolis"]
[Date "2015.01.15"]
[Round "4"]
[White "Pottker, Gustavo Sartori"]
[Black "Fuck, Vinicius Rios"]
[Result "1-0"]
[WhiteElo "2109"]
[BlackElo "1887"]
[PlyCount "77"]
[EventDate "2015.01.14"]
[EventType "swiss"]
[EventRounds "10"]
[EventCountry "BRA"]
[SourceTitle "CBM 164 Extra"]
[Source "ChessBase"]
[SourceDate "2015.03.02"]
[SourceVersion "1"]
[SourceVersionDate "2015.03.02"]
[SourceQuality "1"]

1. d4 Nf6 2. c4 e6 3. g3 d5 4. Bg2 Be7 5. Nf3 0-0 6. Qc2 c6 7. 0-0 Ne4 8. Nc3 f5 9. Rb1 Nd7 10. b4 b6 11. b5 Bb7 12. bxc6 Bxc6 13. cxd5 Bxd5 14. Nxd5 exd5 15. Qc6 Kh8 16. Bb2 Ndf6 17. Rbc1 Bd6 18. Ne5 Qe7 19. Rfd1 Rab8 20. Qb5 Rbc8 21. Qa6 Ra8 22. Rc6 Nd7 23. Qb7 Nxe5 24. Qxe7 Bxe7 25. dxe5 Bc5 26. Rxd5 Bxf2+ 27. Kf1 Bc5 28. Rd7 Rad8 29. e6 Rxd7 30. exd7 Be7 31. Re6 Bg5 32. Re8 Rg8 33. Bxe4 fxe4 34. Rxe4 Rf8+ 35. Ke1 Kg8 36. Rg4 Bh6 37. Be5 Rd8 38. Rd4 Bg5 39. Bc7 1-0

[Event "Brasila-ch"]
[Site "Brasilia"]
[Date "2014.11.??"]
[Round "5"]
[White "Maciel, Diogo Alves"]
[Black "Pottker, Gustavo Sartori"]
[Result "0-1"]
[WhiteElo "1633"]
[BlackElo "2075"]
[PlyCount "28"]
[EventDate "2014.11.??"]
[EventType "swiss"]
[EventRounds "7"]
[EventCountry "BRA"]
[SourceTitle "EXT 2016"]
[Source "ChessBase"]
[SourceDate "2015.10.08"]
[SourceVersion "1"]
[SourceVersionDate "2015.10.08"]
[SourceQuality "1"]

1. c4 Nf6 2. Nc3 g6 3. Nf3 Bg7 4. g3 0-0 5. d4 c5 6. Bg2 Nc6 7. d5 Na5 8. Qd3 d6 9. 0-0 Qb6 10. e4 Bd7 11. Re1 Qa6 12. b3 Nxb3 13. axb3 Qxa1 14. Na4 Bxa4 0-1

[Event "Brasilia Terra Viva op"]
[Site "Brasilia"]
[Date "2014.09.19"]
[Round "2"]
[White "Pottker, Gustavo Sartori"]
[Black "Moraes Silva, Carlos Alessandro"]
[Result "1-0"]
[WhiteElo "2051"]
[BlackElo "1800"]
[PlyCount "121"]
[EventDate "2014.09.19"]
[EventType "swiss"]
[EventRounds "6"]
[EventCountry "BRA"]
[SourceTitle "CBM 162 Extra"]
[Source "ChessBase"]
[SourceDate "2014.10.17"]
[SourceVersion "1"]
[SourceVersionDate "2014.10.17"]
[SourceQuality "1"]

1. Nf3 c5 2. b3 Nc6 3. Bb2 e6 4. e3 a6 5. c4 Be7 6. Bxg7 Bf6 7. Bxh8 Bxa1 8. Bxa1 d6 9. Be2 e5 10. d4 cxd4 11. exd4 Qa5+ 12. Qd2 Qc7 13. dxe5 dxe5 14. Nxe5 Nxe5 15. Qg5 Qa5+ 16. Kf1 Kd7 17. Qxe5 Qxa2 18. Bg4+ Kd8 19. Qd4+ Ke8 20. Bxc8 Qxb1+ 21. Ke2 Qc2+ 22. Kf3 Qxb3+ 23. Bc3 Rxc8 24. Re1+ Ne7 25. Qh8+ Kd7 26. Qd4+ Ke8 27. Rd1 f6 28. Rd3 Qxc4 29. Qxc4 Rxc4 30. Bxf6 Nc6 31. g4 b5 32. Rc3 Rxc3+ 33. Bxc3 b4 34. Ba1 b3 35. Ke3 Nb4 36. Kd2 Nc2 37. Bc3 Kd7 38. Kc1 Ke6 39. Kb2 Kd5 40. Kxb3 Nd4+ 41. Bxd4 Kxd4 42. f4 Ke4 43. f5 Ke5 44. Ka4 h5 45. h3 h4 46. Ka5 Kd6 47. g5 Ke5 48. f6 Ke6 49. Kxa6 Kf7 50. Kb5 Kg8 51. g6 Kh8 52. Kc6 Kg8 53. Kd6 Kf8 54. Ke6 Kg8 55. Ke7 Kh8 56. f7 Kg7 57. f8Q+ Kxg6 58. Qf4 Kh5 59. Qg4+ Kh6 60. Kf6 Kh7 61. Qg7# 1-0

[Event "Brasilia IRT do Clube da APCEF DF"]
[Site "Brasilia"]
[Date "2014.08.10"]
[Round "9.4"]
[White "Pottker, Gustavo Sartori"]
[Black "Nery Junior, Jose Antonio"]
[Result "0-1"]
[WhiteElo "2019"]
[BlackElo "2112"]
[PlyCount "65"]
[EventDate "2014.08.02"]
[EventType "tourn"]
[EventRounds "9"]
[EventCountry "BRA"]
[SourceTitle "EXT 2022"]
[Source "ChessBase"]
[SourceDate "2021.10.06"]
[SourceVersion "1"]
[SourceVersionDate "2021.10.06"]
[SourceQuality "1"]

1. Nf3 c5 2. b3 Nf6 3. Bb2 g6 4. g3 Bg7 5. c4 b6 6. Bg2 Bb7 7. 0-0 0-0 8. d4 cxd4 9. Nxd4 Bxg2 10. Kxg2 d5 11. Nd2 e5 12. Nc2 Nc6 13. cxd5 Qxd5+ 14. Nf3 Qe6 15. e3 Rac8 16. Rc1 Nh5 17. e4 Qg4 18. Nd2 Nf4+ 19. Kh1 Qxd1 20. Rcxd1 Nd3 21. Ba3 Rfd8 22. Kg2 Bh6 23. Nc4 Bf8 24. N2e3 Bxa3 25. Nxa3 Ncb4 26. Kg1 Rd4 27. Nac4 b5 28. Nd2 Nb2 29. Nf3 Nxd1 30. Nxd4 Nxe3 31. fxe3 exd4 32. exd4 Nxa2 33. Rf6 0-1

[Event "Brasilia IRT do Clube da APCEF DF"]
[Site "Brasilia"]
[Date "2014.08.02"]
[Round "1.3"]
[White "Nascimento, Pedro Henrique Alve"]
[Black "Pottker, Gustavo Sartori"]
[Result "0-1"]
[WhiteElo "1871"]
[BlackElo "2019"]
[PlyCount "92"]
[EventDate "2014.08.02"]
[EventType "tourn"]
[EventRounds "9"]
[EventCountry "BRA"]
[SourceTitle "EXT 2022"]
[Source "ChessBase"]
[SourceDate "2021.10.06"]
[SourceVersion "1"]
[SourceVersionDate "2021.10.06"]
[SourceQuality "1"]

1. d4 Nf6 2. c4 e6 3. Nc3 Bb4 4. Qc2 c5 5. dxc5 Nc6 6. Nf3 Bxc5 7. Bg5 h6 8. Bh4 g5 9. Bg3 d5 10. cxd5 exd5 11. e3 0-0 12. Rd1 Qe7 13. Be2 Be6 14. 0-0 Rac8 15. Qd2 Rfd8 16. Nd4 Ne4 17. Nxc6 bxc6 18. Qc2 Nxg3 19. hxg3 Qf6 20. Ba6 Rb8 21. b3 Bf8 22. Na4 Bf5 23. Qd2 c5 24. Bd3 c4 25. Bxf5 Qxf5 26. bxc4 dxc4 27. Qc1 Rxd1 28. Rxd1 Qa5 29. Qc2 c3 30. Rd3 Bg7 31. Nxc3 Rc8 32. Qb3 Rxc3 33. Qb8+ Kh7 34. Qb1 Qf5 35. Rd1 Qxb1 36. Rxb1 Ra3 37. Rb7 Kg6 38. e4 Rxa2 39. f4 Bf6 40. Rd7 Bc3 41. e5 a5 42. Rd6+ Kg7 43. Rd5 Rd2 44. Rb5 a4 45. Kf1 a3 46. Rb7 a2 0-1

[Event "Brasilia Abertura op"]
[Site "Brasilia"]
[Date "2014.02.23"]
[Round "5"]
[White "Cunha, Lucas Aguiar"]
[Black "Pottker, Gustavo Sartori"]
[Result "1-0"]
[WhiteElo "2280"]
[BlackElo "1976"]
[PlyCount "77"]
[EventDate "2014.02.21"]
[EventType "swiss"]
[EventRounds "5"]
[EventCountry "BRA"]
[SourceTitle "CBM 159 Extra"]
[Source "ChessBase"]
[SourceDate "2014.04.24"]
[SourceVersion "1"]
[SourceVersionDate "2014.04.24"]
[SourceQuality "1"]

1. e4 e5 2. Nf3 Nc6 3. Bc4 Bc5 4. 0-0 Nf6 5. d4 Bxd4 6. Nxd4 exd4 7. e5 d5 8. exf6 dxc4 9. fxg7 Rg8 10. Re1+ Be6 11. Qh5 Qf6 12. Bg5 Qg6 13. Qxg6 hxg6 14. Bf6 Kd7 15. Nd2 Nb4 16. Re4 c5 17. g4 Nxc2 18. Rc1 Nb4 19. Nxc4 Nxa2 20. Ne5+ Kd6 21. Rce1 Bd5 22. R4e2 Nb4 23. h4 c4 24. h5 gxh5 25. gxh5 d3 26. h6 dxe2 27. h7 Nd3 28. Rxe2 Nf4 29. Rd2 Nh5 30. h8Q Nxf6 31. Qh6 Kxe5 32. f4+ Ke6 33. Re2+ Kd7 34. Qxf6 Rad8 35. Rd2 Kc8 36. Qf5+ Be6 37. Qc5+ Kb8 38. Rxd8+ Rxd8 39. Qf8 1-0

[Event "Brasilia-ch 53rd"]
[Site "Brasilia"]
[Date "2013.08.18"]
[Round "8"]
[White "De Andrade, Francisco Edmundo"]
[Black "Pottker, Gustavo Sartori"]
[Result "0-1"]
[WhiteElo "1963"]
[BlackElo "1500"]
[PlyCount "58"]
[EventDate "2013.08.12"]
[EventType "swiss"]
[EventRounds "9"]
[EventCountry "BRA"]
[SourceTitle "CBM 155 Extra"]
[Source "ChessBase"]
[SourceDate "2013.08.26"]
[SourceVersion "1"]
[SourceVersionDate "2013.08.26"]
[SourceQuality "1"]

1. Nf3 Nf6 2. c4 g6 3. d4 c5 4. e3 Bg7 5. Bd3 0-0 6. 0-0 d5 7. b3 cxd4 8. exd4 Nc6 9. Bb2 Bg4 10. Nbd2 dxc4 11. Bxc4 Nd5 12. h3 Bf5 13. Ne5 Ndb4 14. Ndf3 Be4 15. a3 Nxe5 16. Nxe5 Nc6 17. Re1 Nxe5 18. dxe5 Bc6 19. Qe2 e6 20. Rad1 Qg5 21. f3 Rfd8 22. Bc1 Qg3 23. f4 Bf8 24. Kf1 Bc5 25. b4 Qh2 26. Rxd8+ Rxd8 27. bxc5 Qh1+ 28. Kf2 Qxg2+ 29. Ke3 Qg3+ 0-1